Tài liệu tham khảo về Cách mạng tháng Tám

Đã lưu trong:
Sonraí Bibleagrafaíochta
Formáid: Leabhar
Teanga:Undetermined
Foilsithe: Hà Nội Giáo dục 1978
Ábhair:
Clibeanna: Cuir Clib Leis
Gan Chlibeanna, Bí ar an gcéad duine leis an taifead seo a chlibeáil!
Thư viện lưu trữ: Trung tâm Học liệu Trường Đại học Cần Thơ
LEADER 00446nam a2200145Ia 4500
001 CTU_11050
008 210402s9999 xx 000 0 und d
082 |a 959.703 
082 |b T103 
245 0 |a Tài liệu tham khảo về Cách mạng tháng Tám 
260 |a Hà Nội 
260 |b Giáo dục 
260 |c 1978 
650 |a vietnam - history - august revolution, 1945 
980 |a Trung tâm Học liệu Trường Đại học Cần Thơ